सौन्दर्य और स्वास्थ्य / (Record no. 36418)

MARC details
000 -LEADER
fixed length control field 01112nam a22002417a 4500
005 - DATE AND TIME OF LATEST TRANSACTION
control field 2010053107527.0
008 - FIXED-LENGTH DATA ELEMENTS--GENERAL INFORMATION
fixed length control field 100531t xxu||||| |||| 00| 0 hin d
010 ## - LCCN (DPL NO)
LC control number HIN-89445
020 ## - INTERNATIONAL STANDARD BOOK NUMBER
International Standard Book Number 9789380271187
Terms of availability 150.00
035 ## - SYSTEM CONTROL NUMBER
System control number HN-61791
037 ## - SOURCE OF ACQUISITION
Source of stock number/acquisition DBAD / PUB
040 ## - CATALOGING SOURCE
Original cataloging agency DPL
Language of cataloging HN
082 ## - DEWEY DECIMAL CLASSIFICATION NUMBER
Classification number 613
100 ## - MAIN ENTRY--PERSONAL NAME
Personal name कुमावत, अर्चना
9 (RLIN) 21304
245 ## - TITLE STATEMENT
Title सौन्दर्य और स्वास्थ्य /
Statement of responsibility, etc अर्चना कुमावत
246 ## - VARYING FORM OF TITLE
Title proper/short title Saundarya aur Swsthya/
Remainder of title by Archana Kumawat
260 ## - PUBLICATION, DISTRIBUTION, ETC. (IMPRINT)
Place of publication, distribution, etc जयपुर
Name of publisher, distributor, etc पत्रिका प्रकाशन
Date of publication, distribution, etc 2009
270 ## - ADDRESS
Address 409, लक्ष्मी कॉम्प्लेक्स, एम.आई.रोड
City जयपुर
Postal code 302001
Telephone number 0141 3005974
300 ## - PHYSICAL DESCRIPTION
Extent 164पृ
Dimensions 22सेमी (अजिल्द)
Other physical details सचित्र
942 ## - ADDED ENTRY ELEMENTS (KOHA)
Source of classification or shelving scheme Dewey Decimal Classification
Item type Hindi Books
Call number suffix कुमाव
Holdings
Withdrawn status Lost status Source of classification or shelving scheme Damaged status Not for loan Collection code Home library Current library Date acquired Source of acquisition Cost, normal purchase price Total Checkouts Full call number Barcode Date last seen Copy number Cost, replacement price Koha item type
    Dewey Decimal Classification   Not For Loan Non-fiction D.B.Act.Division D.B.Act.Division 31/05/2010 DBAD / PUB 150.00   कुमाव HN-61791 31/05/2010 1 150.00 Hindi Books

© Delhi Public Library
Hit Counter
free hit counter